| 000 | 00826nam a2200253Ia 4500 | ||
|---|---|---|---|
| 001 | 1115 | ||
| 003 | GE_BSU | ||
| 008 | 181216s||||||||xx |||||||||||||| ||und|| | ||
| 020 | _a5887824123 | ||
| 040 | _cGE_BSU | ||
| 080 | _a159.9 | ||
| 100 | _aХьелл,Л. Зиглер, Д. | ||
| 245 | _aТеории личности.Основные положения,исследования и применение | ||
| 245 | _bУч-к для студ.по спец."Психология | ||
| 260 | _aСПБ | ||
| 260 | _bПитер | ||
| 260 | _c2006 | ||
| 300 | _a607стр. | ||
| 541 | _h20л. | ||
| 653 | _aПсихология | ||
| 653 | _aТеории личности.Основные положения,исследования и применение | ||
| 653 | _aფსიქოლოგია | ||
| 942 | _cBK | ||
| 999 |
_c35266 _d35266 |
||